Biblioteca "Ernesto Sabato"
Facultad de Derecho y Ciencias Sociales
Facultad de Lenguas
Universidad Nacional del Comahue

El éxodo rural (1930-1970) (Record no. 25254)

MARC details
000 -CABECERA
campo de control de longitud fija 00606caa a22001572a 4500
001 - NÚMERO DE CONTROL
campo de control 019525
003 - IDENTIFICADOR DEL NÚMERO DE CONTROL
campo de control AR-FADEU
008 - DATOS DE LONGITUD FIJA--INFORMACIÓN GENERAL
campo de control de longitud fija 311216n########xxu####################dd
092 ## - ASIGNACIÓN LOCAL DE SIGNATURA TOPOGRÁFICA DEWEY (OCLC)
Número de clasificación 982
Número de documento/Ítem P764
100 ## - ENTRADA PRINCIPAL--NOMBRE DE PERSONA
Nombre de persona Reboratti, Carlos Eduardo
245 ## - MENCIÓN DE TÍTULO
Título El éxodo rural (1930-1970)
300 ## - DESCRIPCIÓN FÍSICA
Extensión PP. 169-196
500 ## - NOTA GENERAL
Nota general En: Polémica : primera historia argentina integral, fasc. 97 / Haydée Gorostegui de Torres. Buenos Aires : Centro Editor de América Latina, 1970
773 0# - ENLACE AL DOCUMENTO FUENTE/ENTRADA DE REGISTRO ANFITRIÓN
Número bibliográfico anfitrión 25168
Número de ítem anfitrión 24665
Encabezamiento principal
Edición
Lugar, editor y fecha de publicación Buenos Aires
Otro identificador del documento 9455
Título POLEMICA : primera historia argentina integral
Número de control del registro ( AR-FADEU) 019439
Número Internacional Normalizado para Publicaciones Seriadas
Número Internacional Estándar del Libro
942 ## - ELEMENTOS DE PUNTO DE ACCESO ADICIONAL (KOHA)
Tipo de ítem Koha BDGR

No items available.

Facultad de Derecho y Ciencias Sociales | Universidad Nacional del Comahue | Mendoza y Perú General Roca | Río Negro CP (8332) | Patagonia Argentina | Teléfono: 54-0298-4433670 | | Fax: 0298-4432093 | Fax alumnos: 0298-4435700